000 00650nam a2200181Ia 4500
008 151018s9999 xx 000 0 und d
082 _bRBASDV40926
_a891.463
100 _aसुमती कुकडे
245 _aफळांचा खजिना-पंचगुणी पेरू
250 _b1
260 _bमानस
_c2001
300 _a14
600 _aसुमती कुकडे
630 _aफळांचा खजिना-पंचगुणी पेरू
700 _aसुमती कुकडे
730 _aफळांचा खजिना-पंचगुणी पेरू
942 _cBOOK
999 _c1040200
_d1040197